Les plus grands pays du monde - classement - Statistiques

Statistiques générales
  • Ce quiz a été pris 333 fois
  • Le résultat moyen est 7 sur 10
Statistiques - réponses
# Répondre % Correct
1. Russie
100%
2. Canada
86%
3. Chine
84%
4. Etats-Unis
78%
5. Brésil
74%
6. Australie
66%
7. Inde
62%
10. Algérie
44%
9. Argentine
41%
8. Kazakhstan
39%
Aucun quiz correspondant
Distribution des résultats
% des personnes avec chaque résultat
Percentile par nombre de réponses
Votre historique - résultats
Vous n’avez pas pris ce quiz